Jesus a Prophet of Islam (Record no. 14132)

MARC details
000 -LEADER
fixed length control field 00584nam a2200229 a 4500
020 ## - INTERNATIONAL STANDARD BOOK NUMBER
ISBN 8171012701
082 00 - DEWEY DECIMAL CLASSIFICATION NUMBER
Classification number 232.9
Author Cutter ATA
100 ## - MAIN ENTRY--AUTHOR NAME
Author name Ataur Rahim, Muhammed
245 ## - TITLE STATEMENT
Title Jesus a Prophet of Islam
260 ## - PUBLICATION, DISTRIBUTION, ETC. (IMPRINT)
Place of publication Delhi
Name of publisher Idara Ishaat-E-diniyat
Year of publication 2009
300 ## - PHYSICAL DESCRIPTION
Number of Pages 286p
500 ## - GENERAL NOTE
General note includes index and biblioraphy
650 ## - SUBJECT ADDED ENTRY--TOPICAL TERM
Topical Term Jesus Christ in Islam
942 ## - ADDED ENTRY ELEMENTS (KOHA)
Koha item type Books
700 1# -
-- Ataur Rahim, Muhammed
Holdings
Collection code Home library Current library Date acquired Cost, normal purchase price Full call number Accession Number Koha item type
  Henry Martyn Institute Library Henry Martyn Institute Library 02/18/2014 70.00 232.9 ATA 024404 Books
                   Copyright © 2026 | Henry Martyn Institute | Hyderabad | TS-500052 | INDIA | Implemented by hmi.edu.in
Hit-Count:

Powered by Koha